| 000 | 01208nam a2200241Ia 4500 | ||
|---|---|---|---|
| 999 |
_c39475 _d39475 |
||
| 001 | 6069 | ||
| 003 | GE_BSU | ||
| 005 | 20190925121817.0 | ||
| 008 | 181216s1936||||ge |||||||||||||| ||geo|| | ||
| 040 | _cGE_BSU | ||
| 041 | _ageo | ||
| 080 | _a821.353.1-31 ა-78 | ||
| 100 |
_aარდაზიანი, ლავრენტი _94309 |
||
| 245 |
_aსოლომონ ისაკიჩ მეჯღანუაშვილი. მორჩილი : _b[რომანი] / _cლავრენტი არდაზიანი ; პლ. კეშელავას რედაქციით და შენიშვნებით. |
||
| 264 |
_aტფილისი : _bფედერაცია ; _c1936. |
||
| 300 |
_a238 გვ. ; _c21 სმ. |
||
| 490 | _a (ქართული კლასიკური მწერლობა). | ||
| 500 | _aდამატებით თავფურცელზე : "მოთხრობები". | ||
| 653 | _aსოლომონ ისაკიჩ მეჯღანუაშვილი | ||
| 653 | _aმორჩილი | ||
| 700 |
_aრადიანი, შ. _eრედაქტორი _94315 |
||
| 942 |
_cBK _2udc |
||